Essays on temporary work /
Saved in:
| Main Author: | |
|---|---|
| Format: | Thesis |
| Language: | English |
| Published: |
Indiana
: Perdue University Graduate School,
1995
|
| Subjects: | |
| Tags: |
Add Tag
No Tags, Be the first to tag this record!
|
| LEADER | 011750000a22003250004500 | ||
|---|---|---|---|
| 001 | 126160 | ||
| 005 | 20100503164800.0 | ||
| 008 | 960705s1995 inu g 000 0 eng d | ||
| 035 | |a 438369 | ||
| 035 | |a (Sirsi) 126160 | ||
| 040 | |a UIAM |b eng |e rda | ||
| 043 | |a n-us--- | ||
| 049 | |b m | ||
| 050 | 0 | |a HD5854 | |
| 100 | 0 | |a Selamah Abdullah Yusof, |e author | |
| 245 | 1 | 0 | |a Essays on temporary work / |c by Selamah Abdullah Yusof |
| 264 | 1 | |a Indiana |b : Perdue University Graduate School, |c 1995 | |
| 300 | |a 104 pages ; 29 cm. | ||
| 336 | |2 rdacontent |a text | ||
| 337 | |2 rdamedia |a unmediated | ||
| 338 | |2 rdacarrier |a volume | ||
| 502 | |a Thesis (Ph. D.)--Purdue University, 1995 | ||
| 596 | |a 1 | ||
| 650 | 0 | |a Temporary employees | |
| 650 | 0 | |a Temporary employees |z United States | |
| 655 | 0 | 7 | |a Theses, IIUM foreign |
| 900 | |a sa-naw | ||
| 999 | |c 430901 |d 462392 | ||
| 952 | |0 0 |6 LU T HD 5854 S464E 1995 |7 0 |8 THESES |9 750434 |a IIUM |b IIUM |c CLOSEACCES |g 0.00 |o lu t HD 5854 S464E 1995 |p 00000438370 |r 2017-10-25 |t 1 |v 0.00 |y THESIS | ||
| 952 | |0 0 |6 T HD 5854 S464E 1995 |7 0 |8 THESES |9 750435 |a IIUM |b IIUM |c MULTIMEDIA |g 0.00 |o t HD 5854 S464E 1995 |p 00010981569 |r 2017-10-19 |t 1 |v 0.00 |y THESIS | ||
